KUBA (Record no. 564)

MARC details
000 -LEADER
campo de control de longitud fija 00502nam a22001457a 4500
008 - DATOS DE LONGITUD FIJA--INFORMACIÓN GENERAL
campo de control de longitud fija 150508b xxu||||| |||| 00| 0 eng d
020 ## - NÚMERO INTERNACIONAL ESTÁNDAR DEL LIBRO
Número Internacional Estándar del Libro 1902201167
082 ## - NÚMERO DE LA CLASIFICACIÓN DECIMAL DEWEY
Número de clasificación 708
Número de ítem A 862k
100 ## - ENTRADA PRINCIPAL--NOMBRE DE PERSONA
Nombre de persona Ataman, Kutlug
9 (RLIN) 2562
245 ## - MENCIÓN DEL TÍTULO
Título KUBA
Mención de responsabilidad, etc. Ataman, Kutlug
260 ## - PUBLICACIÓN, DISTRIBUCIÓN, ETC.
Lugar de publicación, distribución, etc. London
Nombre del editor, distribuidor, etc. Druckzone
Fecha de publicación, distribución, etc. 2004
300 ## - DESCRIPCIÓN FÍSICA
Extensión 160 p.
Otras características físicas ill. (col)
Dimensiones 25x26 cm
650 ## - PUNTO DE ACCESO ADICIONAL DE MATERIA--TÉRMINO DE MATERIA
Subdivisión general Ataman, Kutlug-Exhibiciones
-- Turcos-Turquía-Estanbul-Entrevistas-Exhibiciones
-- Estanbul (Turkia)-civilizaciones-Exhibiciones
9 (RLIN) 2563
700 ## - ENTRADA AGREGADA--NOMBRE PERSONAL
Nombre de persona Kutlug Ataman
9 (RLIN) 2564
Holdings
Estatus retirado Estado de pérdida Fuente del sistema de clasificación o colocación Estado de daño No para préstamo Biblioteca de origen Biblioteca actual Ubicación en estantería Fecha de adquisición Total de préstamos Signatura topográfica completa Código de barras Visto por última vez Precio de reemplazo Tipo de ítem Koha
    Clasificación Decimal Dewey     Biblioteca LadoV Biblioteca LadoV   08/05/2015   708 A 862k 000586 08/05/2015 08/05/2015 Material 01